The vines of Yarrabee

Guardat en:
Dades bibliogràfiques
Autor principal: Eden, Dorothy
Format: Llibre
Idioma:Undetermined
Publicat: New York, Estados Unidos Coward-McCann 1969
Matèries:
Etiquetes: Afegir etiqueta
Sense etiquetes, Sigues el primer a etiquetar aquest registre!

MARC

LEADER 00000nam a2200000Ia 4500
008 170316s9999 xx 000 0 und d
999 |c 28776  |d 28776 
040 |a cru BVZT 
090 |a F-810 E-3v 
100 |a Eden, Dorothy 
245 4 |a The vines of Yarrabee 
260 |a New York, Estados Unidos 
260 |b Coward-McCann 
260 |c 1969 
300 |a 316 páginas 
650 |a LITERATURA ESTADOUNIDENSE  |9 25 
650 |a FICCIÓN  |9 26 
942 |c 15 D  |h F-810 E-3v  |2 z